Statistics for General Knowledge - Countries

Click here to take the quiz!

General Stats

  • This quiz has been taken 32 times
  • The average score is 6 of 6

Answer Stats

QuestionAnswer% Correct
What is the smallest country?Vatican City
100%
What is Reykjavik the capital of?Iceland
97%
What countries do Cambodia border?Laos, Vietnam, Thailand
97%
Is Italy landlocked?No
97%
What is the capital of Romania?Bucharest
90%
Where is Malawi?Southern Africa
90%

Score Distribution

Percentile by Number Answered

Percent of People with Each Score

Your Score History

You have not taken this quiz